| 000 | 00661nam a2200229 i 4500 | ||
|---|---|---|---|
| 001 | 61376 | ||
| 003 | ES-MaACL | ||
| 005 | 20230906164438.0 | ||
| 007 | t| | ||
| 008 | 031111s1964 sp ||||1| spa d | ||
| 100 | 1 |
_aEvely, Louis. _948385 |
|
| 245 | 1 | 0 |
_aSufrimiento / _cL. Evely ; traductor, Angels Maragall. |
| 250 | _a[1ª ed.]. | ||
| 260 |
_aBarcelona : _bEstela, _c1964. |
||
| 300 |
_a191 p. ; _c20 cm. |
||
| 490 | 1 |
_aEspiritualidad ; _v12 |
|
| 650 | 0 | 4 |
_aSufrimiento- _xAspectos religiosos. _917258 |
| 700 | 1 |
_aMaragall, Ángeles. _976291 |
|
| 830 | 0 |
_aEspiritualidad ; _v12 _9182730 |
|
| 852 |
_aES-MaACL _jC-25312 _bR.54207 |
||
| 999 |
_c61376 _d61376 |
||